Tilastot visalle Kulkuneuvot suomeksi

Klikkaa tästä pelataksesi tätä visaa!

Yleistilastot

  • Tätä visaa on pelattu 48 kertaa
  • Keskiarvotulos 30 / 52

Vastaustilastot

Vastaus% Oikein
auto
97%
rekka
92%
bussi
89%
moottoripyörä
89%
metro
87%
mönkijä
87%
skootteri
87%
helikopteri
84%
juna
84%
lentokone
84%
laiva
82%
vene
82%
pyörä
79%
kuumailmapallo
76%
ratikka
76%
kävely
74%
luistimet
74%
hissi
71%
pyörätuoli
71%
kumivene
68%
rullaluistimet
68%
sukset
68%
laskuvarjo
66%
liukuportaat
66%
lumilauta
66%
lautta
63%
vesiskootteri
63%
moottorikelkka
61%
potkulauta
61%
soutuvene
61%
kelkka
58%
lumikengät
58%
reki
58%
avaruusalus
53%
skeittilauta
53%
matkailuauto
50%
risteilyalus
50%
ankkurihissi
42%
avaruusraketti
39%
pakettiauto
39%
tuolihissi
37%
avaruussukkula
32%
gondolihissi
21%
riippuliidin
21%
mopedi
18%
funikulaari
16%
riksa
16%
neliveto
11%
vaijeriliuku
11%
varjoliito
11%
liukukäytävä
5%
sulkellusvene
0%

Tulosjakauma

Persentiili vastausten määrän mukaan

Jokaisen tuloksen saaneiden osuus

Tuloshistoriasi

Et ole pelannut tätä visaa